| 000 | 00658nac a22002051u 4500 | ||
|---|---|---|---|
| 008 | 090210t xxu||||| |||| 00| 0 eng d | ||
| 010 | _a 00051660 | ||
| 020 | _a8174732241 | ||
| 082 |
_a302.35 _bKAI _220 |
||
| 245 | 1 | 0 |
_aOrganizational behaviour and HRM / _cH.L. Kaila. |
| 250 | _a2nd ed. | ||
| 260 |
_aDelhi : _bA.I.T.B.S. Publishers, _cc.2007. |
||
| 300 |
_a290p: _bill; _c25cm. |
||
| 500 | _aBuchanan's name appears first on the earlier edition. | ||
| 500 | _aDistributer: Al-Ahram. | ||
| 504 | _aIncludes bibliographical references and index. | ||
| 650 | 0 | _aOrganizational behavior. | |
| 700 | 1 | _aBuchanan, David A. | |
| 942 |
_cBB _k302.35KAI _2ddc |
||
| 999 |
_c10786 _d10786 |
||